[Event "BCF-ch U10 blitz"]
[Site "Hull"]
[Date "2024.07.25"]
[Round "9"]
[White "Copland, George"]
[Black "Suresh, Karun"]
[Result "0-1"]
[WhiteElo "590"]
[BlackElo "1012"]
[PlyCount "60"]
[EventDate "2024.07.25"]
[EventType "swiss (blitz)"]
[EventRounds "9"]
[EventCountry "ENG"]
[SourceTitle "CBM 221 Extra"]
[Source "ChessBase"]
[SourceDate "2024.09.30"]
[SourceVersion "1"]
[SourceVersionDate "2024.09.30"]
[SourceQuality "1"]

1. e4 e5 2. Nf3 Nc6 3. Nc3 Nf6 4. Bc4 Bc5 5. 0-0 0-0 6. d3 h6 7. Be3 Nd4 8. Bxd4 exd4 9. Nb5 Bd6 10. Nxd6 cxd6 11. Nxd4 Re8 12. Re1 Re5 13. f4 Rc5 14. e5 dxe5 15. fxe5 Ng4 16. Qxg4 d5 17. Bb3 Bxg4 18. Rf1 Qg5 19. Rae1 Re8 20. Rf2 Rxe5 21. Ref1 f6 22. Ba4 Qe3 23. c3 Qxd3 24. Bd7 Bxd7 25. Nf3 Re4 26. Nd4 Rxd4 27. cxd4 Qxd4 28. Re1 Qb4 29. Rff1 Qd4+ 30. Rf2 Rc2 0-1

[Event "BCF-ch U10 blitz"]
[Site "Hull"]
[Date "2024.07.25"]
[Round "4"]
[White "Suresh, Karun"]
[Black "Sennaroglu, Djan"]
[Result "0-1"]
[WhiteElo "1012"]
[BlackElo "1531"]
[PlyCount "29"]
[EventDate "2024.07.25"]
[EventType "swiss (blitz)"]
[EventRounds "9"]
[EventCountry "ENG"]
[SourceTitle "CBM 221 Extra"]
[Source "ChessBase"]
[SourceDate "2024.09.30"]
[SourceVersion "1"]
[SourceVersionDate "2024.09.30"]
[SourceQuality "1"]

1. e4 e5 2. Nf3 Nc6 3. Bc4 Bc5 4. 0-0 Nf6 5. d3 h6 6. Be3 Bb6 7. Qd2 0-0 8. h3 d6 9. Bxh6 gxh6 10. Qxh6 Nh7 11. Qg6+ Kh8 12. Bxf7 Qf6 13. Qxf6+ Nxf6 14. Bc4 Na5 15. Bb3 0-1